The tomb of Iurudef : a memphite official in the reign of Ramesses II
Αποθηκεύτηκε σε:
| Κύριος συγγραφέας: | |
|---|---|
| Άλλοι συγγραφείς: | , |
| Μορφή: | Βιβλίο |
| Γλώσσα: | English |
| Δημοσίευση: |
Leiden ; London :
National Museum of Antiquities Leiden ; Egypt Exploration Society,
1991
|
| Σειρά: | Excavation memoir ;
; 57 |
| Θέματα: | |
| Ετικέτες: |
Προσθήκη ετικέτας
Δεν υπάρχουν, Καταχωρήστε ετικέτα πρώτοι!
|
MARC
| LEADER | 00000nam a2200000 i 4500 | ||
|---|---|---|---|
| 001 | 1/74231 | ||
| 008 | 080212s1991 eng d | ||
| 020 | |a 0-85698-119-2 | ||
| 035 | |l 10094590 | ||
| 040 | |a GR-MY-UA |b gre |e aacr | ||
| 041 | 0 | |a eng | |
| 082 | 0 | |a 932 |2 (22) | |
| 100 | 1 | |a Raven, Maarten J. | |
| 245 | 1 | 4 | |a The tomb of Iurudef : |b a memphite official in the reign of Ramesses II / |c by Maarten J. Raven ; with the collaboration of David A. Aston...[κ.ά.] ; with plans and sections by Kenneth J. Frazer and photographs by Peter Jan Bomhof |
| 260 | |a Leiden ; London : |b National Museum of Antiquities Leiden ; Egypt Exploration Society, |c 1991 | ||
| 300 | |a xiv, 82, [55] σ.; |c 30 εκ. | ||
| 490 | 1 | |a Fifty-seventh excavation memoir | |
| 600 | 0 | 0 | |a Iurudef |x Tomb. |
| 650 | 0 | 0 | |a Excavations (Archaeology) |z Egypt. |
| 650 | 0 | 0 | |a Tombs |z Egypt. |
| 651 | 0 | |a Egypt |x Antiquities. | |
| 700 | 1 | |a Aston, David A. | |
| 700 | 1 | |a Bomhof, P. J. |4 pht | |
| 830 | 0 | |a Excavation memoir ; |v ; 57 | |
| 852 | |a INST |b RHODES |e 20080212 |h 932 RAV |p 005400029997 |q 005400029997 |t BK |y 0 | ||
| 901 | |a BIBL4-2008-1 | ||
| 909 | |a Ρ |b 145353 | ||
| 922 | |a 4ΕΛΗ |b 200801 |c ΕΠΕΑΕΚ2/ΤΜΣ |d ΠΑΠΑΣΩΤΗΡΙΟΥ | ||
| 970 | |a ΚΟΖΑ |b ΜΑΡΙΑ |z 2008/02/12 | ||